| 000 | 00381pab a2200145 454500 | ||
|---|---|---|---|
| 008 | 180718b1991 xxu||||| |||| 00| 0 eng d | ||
| 100 | _aGupta, V.P. | ||
| 245 | _aSpiritual socialism as conceptualised by Sri Sathya Sai Baba | ||
| 260 | _c1991 | ||
| 300 | _a15-23 | ||
| 362 | _aJan.-Mar. | ||
| 650 | _aSocialism | ||
| 773 | _aIndian Journal of Political Science | ||
| 909 | _a18833 | ||
| 999 |
_c18833 _d18833 |
||